Statistiques concernant 100 des plus grandes villes d'Italie sur une carte

Cliquez ici pour prendre le quiz!

Statistiques générales

  • Ce quiz a été pris 2,385 fois
  • Le résultat moyen est 23 sur 100

Statistiques - réponses

pop ville % Correct
2,87 mRome
100%
1,37 mMilan
95%
261 kVenise
93%
966 kNaples
91%
883 kTurin
89%
381 kFlorence
87%
668 kPalerme
77%
580 kGênes
76%
389 kBologne
68%
90,1 kPise
63%
323 kBari
60%
257 kVérone
58%
154 kCagliari
57%
196 kParme
51%
202 kTrieste
48%
312 kCatane
44%
122 kSyracuse
37%
121 kBergame
37%
210 kPadoue
34%
149 kRimini
33%
99,5 kUdine
32%
197 kBrescia
30%
185 kModène
30%
234 kMessine
30%
95,4 kLecce
29%
83,3 kCôme
28%
101 kAncône
28%
158 kLivourne
27%
118 kTrente
26%
198 kTarante
25%
119 kPescara
24%
181 kReggio de Calabre
23%
166 kPérouse
22%
159 kRavenne
22%
134 kSalerne
20%
87,1 kBrindisi
19%
93,3 kL’Épice
19%
132 kFerrare
17%
107 kBolzane
17%
85,0 kTrévise
16%
63,9 kCrotone
16%
151 kFoggia
16%
124 kMonza
16%
103 kPlaisance
15%
89,2 kLucques
15%
127 kSassari
15%
112 kVicence
14%
69,4 kL'Aquila
14%
126 kLatina
14%
193 kPrato
13%
76,2 kAste
13%
94,0 kAlexandrie
13%
104 kNovare
13%
111 kTerni
12%
72,1 kCrémone
12%
72,8 kPavie
12%
172 kReggio d'Émilie
12%
99,5 kArezzo
12%
89,7 kCatanzaro
11%
96,8 kCésène
11%
80,5 kVarèse
11%
67,2 kPotence
11%
82,0 kGrosseto
11%
67,9 kTrapani
11%
69,9 kImola
10%
118 kForlì
10%
67,2 kCosence
10%
82,8 kMarsala
9%
73,6 kRaguse
9%
99,9 kAndria
9%
62,5 kCarrare
8%
69,0 kMassa
8%
67,8 kViterbe
7%
71,1 kCarpi
7%
95,0 kPesaro
7%
79,6 kFiumicino
7%
75,6 kCaserte
7%
90,2 kPistoia
7%
74,9 kGela
6%
62,1 kViareggio
6%
94,5 kBarletta
6%
85,3 kTorre del Greco
5%
62,3 kCaltanissetta
5%
124 kGiugliano in Campania
5%
70,8 kLamezia Terme
5%
83,4 kBusto Arsizio
5%
64,2 kVittoria
4%
74,2 kAprilia
4%
81,8 kSesto San Giovanni
4%
81,1 kPouzzoles
4%
70,5 kAltamura
4%
61,0 kFano
4%
89,3 kGuidonia Montecelio
3%
65,9 kCastellammare di Stabia
3%
64,8 kAfragola
3%
63,6 kPométie
3%
63,1 kVigevano
3%
70,9 kQuartu Sant'Elena
3%
77,1 kCasoria
3%
75,7 kCinisello Balsamo
3%

Distribution des résultats

Percentile by Number Answered

% des personnes avec chaque résultat

Votre développement - résultats

Vous n’avez pas pris ce quiz